La economía es la verdadera guerra en Nicaragua

Guardado en:
Bibliografiske detaljer
Format: Bog
Sprog:Spanish
Tags: Tilføj Tag
Ingen Tags, Vær først til at tagge denne postø!

MARC

LEADER 00000nam a22000007a 4500
003 cru CIDCACS/IIS
005 20230207102247.0
007 ta
008 230207s1988 sp |||p|r|||| 00| 0 spa d
040 |c cru CIDCACS/IIS 
245 3 |a La economía es la verdadera guerra en Nicaragua 
300 |a páginas 141-144 
500 |a Colección Centroamérica 
942 |2 ddc  |c PP 
999 |c 44716  |d 44716 
773 0 |0 43305  |9 5269  |a Centre d'Informació i Documentació Internacionals a Barcelona  |d Barcelona, España: Centre d'Informació i Documentació Internacionals a Barcelona, 1982-  |o 21178  |t Revista CIDOB D' Afers Internationals /  |x 02121786